Оценка эффективности инвестиций в условиях инфляции (Запись № 947902)

Подробности
000 -МАРКЕР
контрольное поле 02301nam0a2200325 4500
001 - ИДЕНТИФИКАТОР ЗАПИСИ
контрольное поле RU\NLR\bibl\470129
005 - ИДЕНТИФИКАТОР ВЕРСИИ
контрольное поле 20260607051421.0
021 ## - НОМЕР ГОСУДАРСТВЕННОЙ РЕГИСТРАЦИИ
Код страны Российская Федерация
Номер 2003-59696
Номер Листа государственной регистраци 2919
035 ## - ДРУГИЕ СИСТЕМНЫЕ НОМЕРА
Идентификатор записи (NLR Aleph) 000463357
100 ## - ДАННЫЕ ОБЩЕЙ ОБРАБОТКИ
Данные общей обработки 20031209d2003 |||y0rusy50 ca
101 0# - ЯЗЫК РЕСУРСА
Язык текста, звукозаписи и т.д. русский
102 ## - СТРАНА ПУБЛИКАЦИИ ИЛИ ПРОИЗВОДСТВА
Страна публикации Российская Федерация
105 ## - ПОЛЕ КОДИРОВАННЫХ ДАННЫХ: ТЕКСТОВЫЕ МАТЕРИАЛЫ, МОНОГРАФИЧЕСКИЕ
Кодированные данные о монографическом текстовом документе y |||||||||
200 1# - ЗАГЛАВИЕ И СВЕДЕНИЯ ОБ ОТВЕТСТВЕННОСТИ
Основное заглавие Оценка эффективности инвестиций в условиях инфляции
Сведения, относящиеся к заглавию [Для студентов по экон. спец. 060400 "Финансы и кредит", 060500 "Бух. учет и аудит", 060600 "Мировая экономика", 351400 "Прикл. информатика (в экономике)", 351200 "Налоги и налогообложение"]
Первые сведения об ответственности Э.И. Крылов, С.Н. Медведева
Последующие сведения об ответственности М-во образования Рос. Федерации, Гос. образоват. учреждение высш. проф. образования С.-Петерб. гос. ун-т аэрокосм. приборостроения
210 ## - ПУБЛИКАЦИЯ, РАСПРОСТРАНЕНИЕ И ДР.
Место издания, распространения и т.д. СПб
Имя издателя, распространителя и т. д. СПбГУАП
Дата издания, распространения и т.д. 2003
215 ## - ФИЗИЧЕСКАЯ ХАРАКТЕРИСТИКА
Специфическое обозначение материала и объем 20 с.
Размеры 21
606 0# - НАИМЕНОВАНИЕ ТЕМЫ КАК ПРЕДМЕТ
Наименование темы Инвестиции капитала
Формальный подзаголовок Руководства, пособия и т.п. для высшей школы
Тематический подзаголовок Эффективность
-- Оценка
Системный номер авторитетной/нормативной записи 2083374
Идентификатор авторитетной/нормативной записи RU\NLR\auth\661259427
606 0# - НАИМЕНОВАНИЕ ТЕМЫ КАК ПРЕДМЕТ
Наименование темы Инвестиции капитала
Формальный подзаголовок Учебные издания для высших учебных заведений
Тематический подзаголовок Эффективность
-- Оценка
Системный номер авторитетной/нормативной записи 2083374
Идентификатор авторитетной/нормативной записи RU\NLR\auth\661259427
606 0# - НАИМЕНОВАНИЕ ТЕМЫ КАК ПРЕДМЕТ
Наименование темы Инфляция
Формальный подзаголовок Руководства, пособия и т.п. для высшей школы
Системный номер авторитетной/нормативной записи 932374
Идентификатор авторитетной/нормативной записи RU\NLR\auth\66343524
606 0# - НАИМЕНОВАНИЕ ТЕМЫ КАК ПРЕДМЕТ
Наименование темы Инфляция
Формальный подзаголовок Учебные издания для высших учебных заведений
Системный номер авторитетной/нормативной записи 932374
Идентификатор авторитетной/нормативной записи RU\NLR\auth\66343524
686 ## - ИНДЕКСЫ ДРУГИХ КЛАССИФИКАЦИЙ
Индекс У010.65я73
700 #1 - ИМЯ ЛИЦА - ПЕРВИЧНАЯ ОТВЕТСТВЕННОСТЬ
Код отношения Автор
Графика поля Кириллица
Материалы, к которым относится поле rus
Начальный элемент ввода Крылов
Часть имени, кроме начального элемента ввода Э. И.
Дополнения к именам, кроме дат д-р экон. наук
Расширение инициалов личного имени Эдуард Иванович
Системный номер авторитетной/нормативной записи 11023
Идентификатор авторитетной/нормативной записи RU\NLR\auth\7727992
701 #1 - ИМЯ ЛИЦА - АЛЬТЕРНАТИВНАЯ ОТВЕТСТВЕННОСТЬ
Код отношения Автор
Графика поля Кириллица
Материалы, к которым относится поле rus
Начальный элемент ввода Медведева
Часть имени, кроме начального элемента ввода С. Н.
Дополнения к именам, кроме дат канд. экон. наук
Расширение инициалов личного имени Светлана Николаевна
Системный номер авторитетной/нормативной записи 63403
Идентификатор авторитетной/нормативной записи RU\NLR\auth\7780475
801 #0 - ИСТОЧНИК ЗАПИСИ
Страна Российская Федерация
Организация NLR
Дата составления 20031209
Правила каталогизации PSBO
801 #1 - ИСТОЧНИК ЗАПИСИ
Страна Российская Федерация
Организация NLR
Дата составления 20031209
830 ## - ОБЩЕЕ ПРИМЕЧАНИЕ, СОСТАВЛЕННОЕ КАТАЛОГИЗАТОРОМ
Текст примечания авт. по кн.
942 ## - ДОПОЛНИТЕЛЬНЫЕ ЭЛЕМЕНТЫ ЗАПИСИ (АБИС)
Тип экземпляра АБИС Книга
980 ## - КОЛЛЕКЦИЯ
Название коллекции Национальная библиография
Экземпляры
Тип экземпляра Дата поступления Источник поступления Библиотека постоянного хранения Библиотека текущего хранения Место хранения Шифр хранения Штрих-код Статус экземпляра
Книга 09.12.2003 Обязательный экземпляр РНБ (Московский) РНБ (Московский) Русский книжный фонд: издания с 1957 года 2003-4/25723 603231  
Книга 09.12.2003 Обязательный экземпляр РНБ (Московский) РНБ (Московский) Русский книжный фонд: издания с 1957 года 2003-4/25723 603232